000 00361nam a22001697a 4500
003 UA-OsUOA
001 1087
007 ta
008 20050721b un ||||| |||| 00| 0 ukr d
100 _aGacobi-Vrignaud
700 _aI.
942 _cBK
040 _aUA-OsUOA
_cUA-OsUOA
_dUA-OsUOA
245 _aSonne, Mond und Sterne.
_bGerman
955 _a2
650 7 _2UDC
999 _c287249
_d287249